Стена: фантастические повести; для среднего и старшего школьного возраста; Стена; Выше радуги; Рыжий, красный и человек опасный; Странник
| Hoofdauteur: | |
|---|---|
| Andere auteurs: | |
| Taal: | Russisch |
| Gepubliceerd in: |
Москва, Детская литература, 1990
|
| TOC: | Стена; Выше радуги; Рыжий, красный и человек опасный; Странник; |
| Onderwerpen: | |
| Formaat: | Boek |
| KOHA link: | https://koha.lib.tpu.ru/cgi-bin/koha/opac-detail.pl?biblionumber=154189 |
MARC
| LEADER | 00000nam0a2200000 4500 | ||
|---|---|---|---|
| 001 | 154189 | ||
| 005 | 20231031151800.0 | ||
| 010 | |a 5080014245 | ||
| 020 | |a RU |b 90-23652 | ||
| 035 | |a (RuTPU)RU\TPU\book\167250 | ||
| 090 | |a 154189 | ||
| 100 | |a 20090224d1990 de y0rusy5003 ca | ||
| 101 | 0 | |a rus | |
| 102 | |a RU | ||
| 105 | |a a z 000ay | ||
| 200 | 1 | |a Стена |e фантастические повести |e для среднего и старшего школьного возраста |f С. А. Абрамов |g худож. Г. А. Мазурин | |
| 210 | |a Москва |c Детская литература |d 1990 | ||
| 215 | |a 398,[1] с. |c ил. |d 21 см | ||
| 464 | |t Стена |o фантастическая повесть | ||
| 464 | |t Выше радуги |o фантастическая повесть | ||
| 464 | |t Рыжий, красный и человек опасный |o сказка-быль | ||
| 464 | |t Странник |o юношеская фантазия | ||
| 610 | 1 | |a Научно-фантастические романы | |
| 610 | 1 | |a детская литература | |
| 675 | |a Р2 |z rus | ||
| 700 | 1 | |a Абрамов |b С. А. |g Сергей Александрович |4 070 | |
| 702 | 1 | |a Мазурин |b Г. А. |4 440 | |
| 801 | 0 | |a RU |b RuMRKP |c 19950417 |g psbo | |
| 801 | 1 | |a RU |b 63413507 |c 20090224 |g PSBO | |
| 801 | 2 | |a RU |b 63413507 |c 20090224 |g PSBO | |
| 942 | |c BK | ||